Directory 1992.
| Format: | Book |
|---|---|
| Published: |
New Delhi:
Confederation of indian Industry,
1992.
|
| Subjects: |
| LEADER | 00416cam a2200157 7i4500 | ||
|---|---|---|---|
| 001 | 0000002978 | ||
| 005 | 19991025090000.0 | ||
| 002 | ##000004289 | ||
| 020 | 0 | 0 | |a T000004003 |
| 090 | 0 | 0 | |a INDA 338.025 |b DIR |
| 245 | 0 | 0 | |a Directory 1992. |
| 260 | 0 | 0 | |a New Delhi: |b Confederation of indian Industry, |c 1992. |
| 300 | 0 | 0 | |a 421p. |
| 650 | 0 | 0 | |a Directories |
| 651 | 0 | 0 | |a India |
| 999 | |a 0000004622 |b Book |c Open shelf |e Business Information Centre | ||